000 02140nam a2200265 a 4500
005 20260413123343.0
007 cr |||aaaaaaa|
008 260413s2023 ck| ||||o ||| 000 0 spa d
020 _a9786287518834
040 _aMX-MxUPN
_bspa
_eaacr2
041 0 _aspa
245 1 0 _aFicción y conocimiento :
_banálisis de series de televisión
_h[recurso electrónico en línea]
250 _aPrimera edición
260 _aBogotá, Colombia :
_bUniversidad Pedagógica Nacional,
_c2023
300 _a1 recurso en línea (359 páginas) :
_bPDF
505 _tAlteridad y realismo estético y político como claves de lectura de Game of Thrones /
_rRaúl Cuadros Contreras.--
_tReflexiones desde el materialismo cultural en Breaking Bad /
_rLuis Daniel Ramírez Orozco.--
_tSense8 o el manifiesto ético-político de las Wachowski /
_rJavier Zúñiga Buitrago.--
_tOrange is the New Black: la empatía como contrato de lectura /
_rLaura Marcela Vargas Hernández.--
_tErotismo tecnológico. Análisis de Hang the Dj en Black Mirror /
_rPatricia Coba Gutiérrez.--
_tMasmediación en las prácticas comunicativas de personajes de Black Mirror /
_rNicolás Arturo Melgar.--
_tThe Punisher: un acercamiento a las transformaciones del personaje /
_rAndrés Felipe Correa.--
_tAsh vs. Evil Dead: un culto que invade la televisión /
_rMaría Alejandra Quiñones.--
_tLas series de animación: un lenguaje que enseña /
_rJohan Forero.--
_tLa ambigüedad enunciativa en South Park en la televisión interactiva /
_rIván Andrés Pacanchique Patiño.--
_tAutoconciencia y autorreferencialidad en The Amazing World of Gumball /
_rFernando Ortiz Cruz.--
_tLas nuevas condiciones de circulación de las series y su crítica /
_rNicolás Bermúdez.
506 0 _aAcceso abierto
700 1 _aCuadros Contreras, Raúl
_959247
_eedición académica
700 1 _aCoba Gutiérrez, Patricia
_959248
_eedición académica
700 1 _aRamírez Orozco, Luis Daniel
_959249
_eedición académica
700 1 _aZúñiga Buitrago, Javier
_959250
_eedición académica
856 4 0 _uhttp://hdl.handle.net/20.500.12209/19001
902 _aJohanaAllegre/130426
942 _2lcc
_cLIBRO-E
999 _c214938
_d214938